| 000 | 00877nam a2200229 i 4500 | ||
|---|---|---|---|
| 001 | 141107 | ||
| 003 | ES-MaACL | ||
| 005 | 20250903022111.0 | ||
| 007 | t| | ||
| 008 | 070919s1947 sp ||||1| spa d | ||
| 100 | 1 |
_aYule, George Udny. _9117739 |
|
| 245 | 1 | 0 |
_aIntroducción a la estadística matemática / _cGeorge Udny Yule, Maurice George Kendall ; traducción de la 13ª ed. inglesa y prólogo por José Ros Jimeno. |
| 260 |
_aMadrid : _bM. Aguilar, _c1947. |
||
| 300 |
_a684 p. : _bil. ; _c22 cm. |
||
| 490 | 1 | _aBiblioteca de ciencias económicas, políticas y sociales | |
| 650 | 7 |
_aEstadística matemática _2embne _9143469 |
|
| 700 | 1 |
_aRos Jimeno, José. _999590 |
|
| 700 | 1 |
_aKendall, Maurice George. _967824 |
|
| 830 | 1 |
_aBiblioteca de ciencias económicas, políticas y sociales _9182661 |
|
| 852 |
_aES-MaACL _jA-2665 |
||
| 999 |
_c141107 _d141107 |
||